| 000 | 00439nam a2200169Ia 4500 | ||
|---|---|---|---|
| 003 | GCL | ||
| 008 | 140319s9999 xx 000 0 eng d | ||
| 040 |
_aGCL / _cGCL |
||
| 082 | 0 | 4 |
_a700.1 _bW A |
| 100 | 1 | _aWOLLHEIM, RICHARD | |
| 245 | 1 | 0 |
_aART AND ITS OBJECTS / _cWOLLHEIM, RICHARD |
| 260 |
_a[S.N] : _bCAMBRIDGE UNIVERSITY PRESS ، _c1992 |
||
| 300 | _a270 P | ||
| 650 | 0 | 4 | _aART, PHILOSOPHY |
| 650 | 0 | 4 | _aAESTHETICS |
| 942 |
_2ddc _cBK |
||
| 999 |
_c21407 _d21407 |
||